| 000 | 00795nam a2200229 a 4500 | ||
|---|---|---|---|
| 001 | BRCA_5981 | ||
| 005 | 20190320205303.0 | ||
| 008 | 280311s1967----nyua###f##---#001-0#eng-# | ||
| 041 | _aeng | ||
| 044 | _anyu | ||
| 050 | 4 |
_aN5056 _b.A78 1967 |
|
| 245 | 1 | 0 |
_aArt Treasures Exhibition _bat the Parke-Bernet Galleries _cThe National Antique and Arts Dealers Association of America. |
| 260 |
_aNueva York _bAdmiral Press _c1967 |
||
| 300 |
_a1 v. (sin paginación) _bil., 402 láminas _c26 cm. |
||
| 500 | _aY13 | ||
| 650 | 1 | 4 |
_aArte _vExposiciones _zNueva York _915107 |
| 650 | 1 | 4 |
_aArte _vColeccionistas y colecciones _915108 |
| 650 | 1 | 4 |
_aGalerías y museos _zEstados Unidos _97437 |
| 710 | 2 |
_aThe National Antique and Arts Dealers Association of America _915109 |
|
| 902 | _aGFM | ||
| 942 |
_2lcc _cB |
||
| 999 |
_c5670 _d5670 |
||